000 00679nam a2200241Ia 4500
003 OSt
005 20230518163540.0
008 210423s2013 xx 000 0 und d
020 _a978-93-5097-659-3
040 _cAL
041 _aeng
082 _a338.954 PURI
_223
100 _aPURI (V K);MISRA (S K)
_9109064
245 _aIndian economy: its development experience Ed 31
250 _a31
260 _aNew Delhi
_bHimalaya Publishing House
_c2013
300 _axxix,847
_bPB
365 _b520
_cINR
650 _aEconomics
_9109065
650 _aIndian Economy
_9109066
906 _a31 ; development ; economy: ; Ed ; experience ; Indian ; its
942 _2ddc
_cBK
999 _c165196
_d165196